书目信息 |
| 题名: |
进化算法及其在生物信息中的应用
|
|
| 作者: | 龙海侠 , 吴兴惠 著 | |
| 分册: | ||
| 出版信息: | 北京 国防工业出版社 2014 |
|
| 页数: | 198页 | |
| 开本: | 21cm | |
| 丛书名: | 计算机应用与教育丛书 | |
| 单 册: | ||
| 中图分类: | Q811.4 | |
| 科图分类: | ||
| 主题词: | 遗传--算法--应用--生物信息论--研究 | |
| 电子资源: | ||
| ISBN: | 978-7-118-09114-4 | |
| 000 | 01020nam0 2200253 450 | |
| 001 | 490 | |
| 005 | 20160905100647.24 | |
| 010 | @a978-7-118-09114-4@dCNY59.00 | |
| 100 | @a20140124d2014 em y0chiy50 ea | |
| 101 | 0 | @achi |
| 102 | @aCN@b110000 | |
| 105 | @ay z 000yy | |
| 200 | 1 | @a进化算法及其在生物信息中的应用@9jin hua suan fa ji qi zai sheng wu xin xi zhong de ying yong@f龙海侠,吴兴惠著 |
| 210 | @a北京@c国防工业出版社@d2014 | |
| 215 | @a198页@d21cm | |
| 225 | 1 | @a计算机应用与教育丛书 |
| 300 | @a海南师范大学学术著作出版项目资助 国家自然科学基金资助 海南师范大学地理学重点学科资助 | |
| 330 | @a本书主要介绍了进化算法的种类和生物信息的主要概念;PS0和OPS0算法的基本原理和基本进化方程;基于选择操作的QPS0算法;生物信息中多序列比对的问题;代谢网络中代谢流的优化问题等。 | |
| 606 | 0 | @a遗传@x算法@x应用@x生物信息论@x研究 |
| 690 | @aQ811.4@v5 | |
| 701 | 0 | @a龙海侠@9long hai xia@4著 |
| 701 | 0 | @a吴兴惠@9wu xing hui@f(1940~)@4著 |
| 801 | 0 | @aCN@b唐山师范学院图书馆@c20160722 |
| 905 | @aZUCC@dQ811.4@e184 | |
| 进化算法及其在生物信息中的应用/龙海侠,吴兴惠著.-北京:国防工业出版社,2014 |
| 198页;21cm.-(计算机应用与教育丛书) |
| 海南师范大学学术著作出版项目资助 国家自然科学基金资助 海南师范大学地理学重点学科资助 |
| ISBN 978-7-118-09114-4:CNY59.00 |
| 本书主要介绍了进化算法的种类和生物信息的主要概念;PS0和OPS0算法的基本原理和基本进化方程;基于选择操作的QPS0算法;生物信息中多序列比对的问题;代谢网络中代谢流的优化问题等。 |
| ● |
| 相关链接 |
|
|
|
|
正题名:进化算法及其在生物信息中的应用
索取号:Q811.4/184
 
预约/预借
| 序号 | 登录号 | 条形码 | 馆藏地/架位号 | 状态 | 备注 |
| 1 | 902063 | 209020637 | 第二样本阅览室/ [索取号:Q811.4/184] | 在馆 | |
| 2 | 902064 | 209020646 | 第三借阅区/ [索取号:Q811.4/184] | 在馆 | |
| 3 | 902065 | 209020655 | 第三借阅区/ [索取号:Q811.4/184] | 在馆 | |
| 4 | 902066 | 209020664 | 第三借阅区/ [索取号:Q811.4/184] | 在馆 |